| Tag |
First Indicator |
Second Indicator |
Subfields |
| LEADER |
00000cam a2200000 i 4500 |
| 001 |
in00004448513 |
| 008 |
160714s2021 enka b 001 0 eng d |
| 005 |
20250308175555.2 |
| 020 |
|
|
|a 9780857854575
|
| 020 |
|
|
|a 0857854577
|
| 020 |
|
|
|a 9780857854582
|q (pbk.)
|
| 020 |
|
|
|a 0857854585
|
| 035 |
|
|
|a (OCoLC)on1062329049
|
| 035 |
|
|
|a (OCoLC)1062329049
|
| 040 |
|
|
|a UKMGB
|b eng
|e rda
|c UKMGB
|d OCLCO
|d OCLCF
|d OCLCQ
|d U9X
|d YDX
|
| 050 |
0 |
4 |
|a HD9000.5
|b .K64 2021
|
| 082 |
0 |
4 |
|a 338.19
|2 23
|
| 082 |
0 |
4 |
|a 641.3
|2 23
|
| 100 |
1 |
|
|a Kneafsey, Moya,
|e author.
|
| 245 |
1 |
0 |
|a Geographies of food :
|b an introduction /
|c Moya Kneafsey, Damian Maye, Lewis Holloway, and Michael K. Goodman.
|
| 264 |
|
1 |
|a London, UK ;
|a New York, NY, USA :
|b Bloomsbury Academic,
|c 2021.
|
| 300 |
|
|
|a xviii, 347 pages :
|b illustrations (chiefly colour) ;
|c 25 cm
|
| 336 |
|
|
|a text
|b txt
|2 rdacontent
|
| 336 |
|
|
|a still image
|b sti
|2 rdacontent
|
| 337 |
|
|
|a unmediated
|b n
|2 rdamedia
|
| 338 |
|
|
|a volume
|b nc
|2 rdacarrier
|
| 504 |
|
|
|a Includes bibliographical references and index.
|
| 520 |
|
|
|a "What is the future of food in light of growing threats from the climate emergency and natural resource depletion as well as economic and social inequality? This textbook engages with this question, and considers the complex relationships between food, place, and space, providing students with an introduction to the contemporary and future geographies of food and the powerful role that food plays in our everyday lives. The book explores contemporary food issues and crises in all their dimensions, as well as the many solutions currently being proposed. Drawing on global case studies from the Majority and Minority Worlds, it analyses the complex relationships operating between people and processes at a range of geographical scales, from the shopping decisions of consumers in a British or US supermarket, to food insecurity in Sub-Saharan Africa, to the high-level political negotiations at the World Trade Organization and the strategies of giant American and European agri-businesses whose activities span several continents. With over 60 color images and a range of lively pedagogical features, Geographies of Food is essential reading for undergraduates studying food and geography"--
|c Provided by publisher.
|
| 650 |
|
0 |
|a Food supply.
|
| 650 |
|
0 |
|a Food.
|
| 650 |
|
0 |
|a Food security.
|
| 650 |
|
0 |
|a Economic geography.
|
| 650 |
|
7 |
|a Food.
|2 fast
|0 (OCoLC)fst00930458
|
| 700 |
1 |
|
|a Maye, Damian,
|e author.
|
| 700 |
1 |
|
|a Holloway, Lewis,
|e author.
|
| 700 |
1 |
|
|a Goodman, Michael K.,
|d 1969-
|e author.
|
| 948 |
|
|
|a cataloged
|b h
|c 2021/8 /26
|d c
|e ceaton
|f 9:11:30 am
|
| 955 |
|
|
|a Print purchased PDA title
|
| 999 |
f |
f |
|s 8e4f2a57-2006-3e08-9dca-3bdad8f43f8c
|i c08d67d6-703b-38e6-bf23-388ab421b8dd
|t 0
|
| 952 |
f |
f |
|p normal
|a Texas A&M University
|b College Station
|c Sterling C. Evans Library
|d Evans: Library Stacks
|t 0
|e HD9000.5 .K64 2021
|h Library of Congress classification
|i unmediated -- volume
|m A14851234527
|
| 998 |
f |
f |
|a HD9000.5 .K64 2021
|t 0
|l Evans: Library Stacks
|